Normal view MARC view
  • Colonization

Entry Topical Term

Number of records used in: 3

001 - CONTROL NUMBER

  • control field: 49952

003 - CONTROL NUMBER IDENTIFIER

  • control field: NUST

005 - DATE AND TIME OF LATEST TRANSACTION

  • control field: 20210314134504.0

008 - FIXED-LENGTH DATA ELEMENTS

  • fixed length control field: 210314|| aca||aabn | a|a d

040 ## - CATALOGING SOURCE

  • Original cataloging agency: NUST
  • Transcribing agency: NUST

150 ## - HEADING--TOPICAL TERM

  • Topical term or geographic name entry element: Colonization

670 ## - SOURCE DATA FOUND

  • Source citation: Work cat.: (NUST): Curtis, Lionel, 49951, The commonwealth of nations, 1918-
© 2023 Central Library, National University of Sciences and Technology. All Rights Reserved.